LEADER 01061nam a2200265 u 4500 001 000000061659 003 CaOOAMICUS 005 20070226121040.0 008 010911s1992 it u000 u ita u 035 $a10902307 040 $aPUL(R)$bita 110 2 $aConsiglio nazionale dell'economia e del lavoro.$0(OLS)http://pul/name/42046 245 13$aUn impiego per la politica dei redditi. 260 $aRoma :$bRinascimento,$c1992. 300 $a175 p. ;$c25 cm 490 1 $aDocumenti CNEL ;$v9 650 4$aPolitica economica$zItalia.$0(OLS)http://pul/subject/18890 650 4$aReddito.$0(OLS)http://pul/subject/13491 830 0$aDocumenti CNEL ;$v9.$0(OLS)http://pul/title/82297 850 $aPUL 852 $aPUL$W1$xDP1 Cons. Gen., Altre Classi 1$y22$m46 F 39.9$j124599$nBK-PRI$qStampati$B80295$CPULBib$Z2$F80295 $H69778 $82 941 1 $a8 961 $aINV: 69778 996 $6245$aUn impiego per la politica dei redditi$9(OLS)http://pul/title/82318 996 $6260$aRoma :$bRinascimento$9(OLS)http://pul/publisher/70117 LEADER 01487nam a2200325 a 4500 001 000000138408 003 CaOOAMICUS 005 20140514135652.0 008 140514s2014 it u000 u ita r 020 $a978-88-372-2837-8 040 $aPUL$bita 082 04$a193 245 00$aRipartire da Edith Stein :$bla scoperta di alcuni manoscritti inediti /$cPatrizia Manganaro, Francesca Nodari (eds.) ; prefazione di Laura Boella. 260 $aBrescia :$bMorcelliana,$c©2014. 300 $a491 p. ;$c21 cm 490 1 $aQuaderni per l'universitą ;$v05 504 $aBibliografia in nota. 600 04$aTheresia Benedicta a Cruce,$cs.,$d1891-1942$xManoscritti.$0(OLS)http://pul/subject/40514 700 1 $aNodari, Francesca.$0(OLS)http://pul/name/70078 700 1 $aManganaro, Patrizia,$d1964-$0(OLS)http://pul/name/26746 700 1 $aBoella, Laura.$0(OLS)http://pul/name/42799 830 0$aQuaderni per l'universitą (Morcelliana) ;$v05.$0(OLS)http://pul/title/27360 850 $aPUL 852 $aPUL$W1$xSL Filosofia 3$y81$m193 MANPA 2$j159621$qDDC 21$B159159$CPULBib$Z2$F159159 $H124022 $82 941 1 $a9 996 $6020$a978-88-372-2837-8$9(OLS)http://pul/number/155250 996 $6082$a193$9(OLS)http://pul/classification/412 996 $6245$aRipartire da Edith Stein :$bla scoperta di alcuni manoscritti inediti$9(OLS)http://pul/title/175200 996 $6260$aBrescia :$bMorcelliana$9(OLS)http://pul/publisher/47854